000
00256nam a2200109Ia 4500
008
200302s9999 xx 000 0 und d
100
_a
Han Ji-Myoung & Others ed.,
245
_a
Hotel Resort
260
_b
Archiworld Co. Ltd.
260
_c
2011
300
_a
393
999
_c
3590
_d
3590